| 000 -ლიდერი |
| ფიქსირებული სიგრძის საკონტროლო ველი |
01343nam a22002177a 4500 |
| 003 - საკონტროლო ნომრის იდენტიფიკატორი |
| საკონტროლო ველი |
Ge_BSU |
| 005 - ბოლო ოპერაციის თარიღი და დრო |
| საკონტროლო ველი |
20210324182652.0 |
| 008 - ფიქსირებული სიგრძის მონაცემთა ელემენტები - ზოგადი ინფორმაცია |
| ფიქსირებული სიგრძის საკონტროლო ველი |
210324s2018 ge ||||| |||| 00| 0 geo d |
| 041 ## - ენის კოდი |
| Language code of text/sound track or separate title |
geo |
| 080 ## - უნივერსალური ათობითი კლასიფიკაციის ინდექსი |
| Universal Decimal Classification number |
82 ს-91 |
| 100 ## - მთავარი ჩანაწერი - პიროვნების სახელი |
| Personal name |
ალთუნ, სუდან |
| 9 (RLIN) |
10740 |
| 245 ## - ცნობა სათაურის შესახებ |
| Title |
მეოცე საუკუნის თურქულ-ქართული ლიტერატურული ურთიერთობები და აჰმეთ მითჰათ ეფენდის შემოქმედება / |
| Statement of responsibility, etc |
სუდან ალთუნ; სამეცნ. ხელმძღვ. ინგა შამილიშვილი; |
| 264 ## - წარმოების, გამოცემის, დისტრიბუციის და სხვა ცნობები |
| გამოცემის, წარმოების, დისტრიბუციის... ადგილი |
ბათუმი, |
| გამოცემის, წარმოების, დისტრიბუციის... თარიღი |
2018. |
| 300 ## - ფიზიკური აღწერა |
| Extent |
185 გვ. |
| Other physical details |
30ს მ. |
| 504 ## - BIBLIOGRAPHY, ETC. NOTE |
| Bibliography, etc |
ბიბლიოგრ. გვ. 138-185 |
| 653 ## - INDEX TERM--UNCONTROLLED |
| Uncontrolled term |
მეოცე საუკუნის თურქულ-ქართული ლიტერატურული ურთიერთობები და აჰმედ მითჰათ ეენდის შემოქმედება |
| 653 ## - INDEX TERM--UNCONTROLLED |
| Uncontrolled term |
ლიტერატურათმცოდნეობა |
| 653 ## - INDEX TERM--UNCONTROLLED |
| Uncontrolled term |
დისერტაცია |
| 700 ## - ADDED ENTRY--PERSONAL NAME |
| Personal name |
შამილიშვილი, ინგა |
| Relator term |
სამეცნ. ხელმძღვანელი |
| 9 (RLIN) |
10741 |
| 942 ## - ADDED ENTRY ELEMENTS (KOHA) |
| Source of classification or shelving scheme |
|
| Koha item type |
წიგნი |